1. Liga Polska 2025/26 - Statystyki

Ogólne statystyki
  • Ten quiz został rozwiązany 358 razy
  • Średni wynik to 14 z 18
Statystyki odpowiedzi
Klub % Poprawnych
Wisła Kraków
97%
Śląsk Wrocław
92%
Wieczysta Kraków
86%
Stal Mielec
83%
Polonia Warszawa
82%
Polonia Bytom
80%
ŁKS Łódź
78%
Puszcza Niepołomice
77%
Ruch Chorzów
75%
Stal Rzeszów
74%
Pogoń Grodzisk Mazowiecki
73%
GKS Tychy
70%
Odra Opole
70%
Miedź Legnica
67%
Pogoń Siedlce
66%
Chrobry Głogów
65%
Znicz Pruszków
65%
Górnik Łęczna
63%
Nie znaleziono quizów pasujących do podanych kryteriów
Rozkład punktacji
Procent ludzi z każdym wynikiem
Percentyl według liczby udzielonych odpowiedzi
Twoja historia wyników
Nie rozwiązałeś tego quizu